000 00908nam a22002897a 4500
003 CHAP
005 20220817042628.0
008 971013s1957 r 00010 d
010 _a50330
011 _a51302
035 _a55452
040 _cCHAP
082 _a631.522
_bP5
100 0 0 _aPirovano, Alberto.
_988523
245 _aElettrogenetica
_b: esperimenti su vegetali
260 _aRoma :
_bInstituto di Frutticultura e di Elettrogenetica,
_c1957
300 _a147 p.
_b: ilus.
590 _aBATCH-UPD
_b10
_c20130110
_lUCH01
_h0546
590 _aBATCH-UPD
_b10
_c20130410
_lUCH01
_h0227
590 _aBATCH-UPD
_b10
_c20130914
_lUCH01
_h1537
590 _aCONVERSION
_b10
_c20130109
_lUCH01
_h1327
650 1 4 _aGenética vegetal.
650 1 4 _aPlantas
_xPropiedades eléctricas.
_988878
901 _aBK
942 _cLIBRO
949 _a631.522 P5
_bBC
_cLIBRO
_d33724000086625
_eLIBRO
_h59862
_i55452
_mD
_si
999 _c50330
_d50330